000 00766nam a2200229 a 4500
999 _c11326
_d11326
001 11326
003 BD-JhCC
005 20221107134024.0
008 190625s20102018bg |||| ||a| 000 0 ben d
020 _a9789845261531
035 _a(BD-JhCC)11326
040 _aBD-JhCC
_dBD-JhCC
041 _aben
082 _a891.44
_bAHA 2018
100 _aআহমেদ, মোশতাক
245 _aসায়েন্স ফিকশন:
_bপ্রজেক্ট ইক্টোপাস /
_cমোশতাক আহমেদ ।
260 _aঢাকা:
_bঅনিন্দ্য প্রকাশ;
_c২০১৮.
300 _a১৫৯ পৃ. :
_c২২ সেমি.
650 _aBengali fiction
942 _2ddc
_cBK
_07